000
00471nam a2200133Ia 4500
008
100328s9999 xx 000 0 und d
082
_b
60281
100
_a
पिंगळे मंदाकिनी
245
_a
सुविचारांवरुन निबंध
260
_b
गं्रथाली.
630
_a
सुविचारांवरुन निबंध
730
_a
सुविचारांवरुन निबंध
942
_c
BOOK
999
_c
546443
_d
546440